Länder & Sprachen (Zufallsquiz) - Statistiken

Allgemein
  • Dieses Quiz wurde 104 mal gespielt
  • Das Durchschnittsergebnis liegt bei 7 aus 10
Antwortstatistiken
Staat / Gebiet Amtssprachen % Korrekt
Abchasien Abchasisch /Russisch
100%
🇦🇱 Albanien Albanisch
100%
🇽🇰 Kosovo Albanisch /Serbisch
100%
🇧🇭 Bahrain Arabisch
100%
🇪🇬 Ägypten Arabisch
100%
🇰🇼 Kuwait Arabisch
100%
🇸🇦 Saudi-Arabien Arabisch
100%
🇸🇾 Syrien Arabisch
100%
🇹🇩 Tschad Arabisch/ Französisch
100%
Demokratische ArabischeRepublik Sahara (Westsahara) Arabisch /Spanisch
100%
🇦🇿 Aserbaidschan Aserbaidschanisch
100%
🇲🇱 Mali Bambara /Fulfulde /Soninke/ Hassania /Tamascheq /Mamara/Boboda/ Xaasongaxango/ Französisch
100%
🇧🇾 Belarus Belarussisch /Russisch
100%
🇻🇺 Vanuatu Bislama/ Englisch /Französisch
100%
🇧🇬 Bulgarien Bulgarisch
100%
🇲🇼 Malawi Chichewa /Englisch
100%
🇭🇰 Hongkong Chinesisch /Kantonesisch / Hochchinesisch /Englisch
100%
🇩🇰 Dänemark Dänisch
100%
🇩🇪 Deutschland Deutsch
100%
🇦🇹 Österreich Deutsch /Kroatisch /Slowenisch/ Ungarisch /öster. Gebärdensprache/ Romani
100%
🇩🇲 Dominica Englisch
100%
🇬🇾 Guyana Englisch
100%
🇯🇲 Jamaika Englisch
100%
🌏 Australien Englisch
100%
St. Kitts & Nevis Englisch
100%
St. Vincent & die Grenadinen Englisch
100%
🇺🇸 USA Englisch
100%
🇲🇺 Mauritius Englisch /Französisch
100%
🍁 Kanada Englisch /Französisch
100%
🇹🇬 Togo Ewe/ Kabiyé/ Französisch
100%
🇫🇷 Frankreich Französisch
100%
🇲🇨 Monaco Französisch
100%
🇳🇪 Niger Französisch
100%
🇬🇷 Griechenland Griechisch
100%
🇨🇾 Zypern Griechisch/ Türkisch
100%
🇵🇾 Paraguay Guaraní/ Spanisch
100%
🇭🇹 Haiti Haiti-Kreolisch /Englisch
100%
🇮🇳 Indien Hindi /Englisch /Bengalisch /Gujarat /Panjabi /Sanskrit /Sindhi /Urdu
100%
🇮🇩 Indonesien Indonesisch
100%
🇮🇪 Irland Irisch /Englisch
100%
San Marino Italienisch
100%
🇮🇹 Italien Italienisch /Deutsch /Französisch /Ladinisch /Slowenisch
100%
🇻🇦 Vatikan Italienisch / Latein
100%
🇰🇿 Kasachstan Kasachisch /Russisch
100%
Demokratische Republik Kongo Kikongo ya leta /Französisch /Lingala /Swahili /Tschiluba
100%
🇰🇬 Kirgisistan Kirgisisch /Russisch
100%
🇰🇵 Nordkorea Koreanisch
100%
🇰🇷 Südkorea Koreanisch
100%
🇬🇧 Großbritannien Kornisch/ Irisch/ Schottisch-Gälisch/ Scots/Ulster Scots/ Walisisch/ Englisch
100%
🇫🇲 Mikronesien Kosraeanisch/ Pohnpeanisch/ Yapesisch/ Chuukesisch/ Ulithisch/ Woleaianisch/ Englisch
100%
🇭🇷 Kroatien Kroatisch
100%
🇱🇦 Laos Laotisch
100%
🇱🇻 Lettland Lettisch
100%
Republik Kongo Lingála /Französisch /Kituba
100%
🇱🇺 Luxemburg Luxemburgisch /Französisch /Deutsch
100%
🇲🇾 Malaysia Malaysisch /Englisch
100%
🇲🇹 Malta Maltesisch/ Englisch
100%
🇲🇰 Nordmazedonien Mazedonisch /Albanisch
100%
🇲🇳 Mongolei Mongolisch
100%
Sint Maarten Niederländisch /Englisch
100%
🇧🇪 Belgien Niederländisch /Französisch /Deutsch
100%
🇳🇱 Niederlande Niederländisch/ Westfriesisch/ Papiamentu /Englisch
100%
🇳🇴 Norwegen Norwegisch/ Samisch/ Kvenisch/Skandinavisches Romani /Romanes
100%
🇵🇱 Polen Polnisch
100%
🇧🇷 Brasilien Portugiesisch
100%
Kap Verde Portugiesisch/ Kreolisch
100%
🇵🇹 Portugal Portugiesisch/ Mirandés
100%
🇵🇪 Peru Quechua/ Spanisch /Aymara
100%
🇨🇰 Cookinseln Rarotonganisch /Englisch
100%
🇨🇭 Schweiz Rätoromanisch/ Deutsch /Französisch /Italienisch
100%
🇷🇴 Rumänien Rumänisch/ Ungarisch / Deutsch /Romani /rumän. Gebärdensprache
100%
🇷🇺 Russland Russisch
100%
Zentral­afrikanische Republik Sango/ Französisch
100%
🇸🇪 Schweden Schwedisch/ Finnisch/ Meänkieli/ Samisch/Jiddisch/ Romani/ Svenskt teckenspråk
100%
🇸🇨 Seychellen Seychellenkreol/ Englisch/ Französisch
100%
🇸🇿 Eswatini siSwati /Englisch
100%
🇸🇰 Slowakei Slowakisch
100%
El Salvador Spanisch
100%
🇨🇴 Kolumbien Spanisch
100%
🇨🇺 Kuba Spanisch
100%
🇭🇳 Honduras Spanisch
100%
🇲🇽 Mexiko Spanisch
100%
🇳🇮 Nicaragua Spanisch
100%
🇪🇸 Spanien Spanisch
100%
🇺🇾 Uruguay Spanisch
100%
🇦🇷 Argentinien Spanisch /Guaraní
100%
🇪🇨 Ecuador Spanisch /Kichwa/ Shuar
100%
🇰🇪 Kenia Swahili / Englisch
100%
🇹🇿 Tansania Swahili/ Englisch
100%
🇺🇬 Uganda Swahili/Englisch /Luganda
100%
🇲🇦 Marokko Tamazight (Berberisch) /Arabisch
100%
🇹🇭 Thailand Thai
100%
🇨🇿 Tschechien Tschechisch
100%
Nordzypern Türkisch
100%
🇹🇷 Türkei Türkisch
100%
🇹🇲 Turkmenistan Turkmenisch
100%
🇺🇦 Ukraine Ukrainisch
100%
🇭🇺 Ungarn Ungarisch
100%
🇻🇳 Vietnam Vietnamesisch
100%
🇻🇪 Venezuela Wayuu/ Warao/ Pemón/ Mapoyo/ Panare/Puinave/ Pémono/ Sapé/ Sikiana/ Yabarana/ Yaruro/ Spanisch
88%
🇯🇴 Jordanien Arabisch
80%
🇴🇲 Oman Arabisch
80%
🇳🇬 Nigeria Englisch
80%
🇸🇧 Salomonen Englisch
80%
🇹🇹 Trinidad und Tobago Englisch
80%
🇳🇦 Namibia Englisch /Deutsch
80%
🇯🇵 Japan Japanisch
80%
São Tomé & Príncipe Portugiesisch
80%
🇸🇮 Slowenien Slowenisch/ Italienisch/ Ungarisch
80%
🇨🇱 Chile Spanisch
80%
🇦🇲 Armenien Armenisch
75%
🇧🇦 Bosnien & Herzegowina Bosnischen / Serbisch / Kroatisch
75%
🇨🇳 China Chinesisch (Hochchinesisch) /Minnan /Taiwanisch/ Hakka
75%
🇧🇧 Barbados Englisch
75%
🇪🇪 Estland Estnisch
75%
🇨🇮 Elfenbeinküste Französisch
75%
🇬🇳 Guinea Französisch
75%
🇸🇳 Senegal Französisch
75%
🇰🇲 Komoren Komorisch / Französisch /Arabisch
75%
🇲🇭 Marshallinseln Marshallesisch/ Englisch
75%
🇧🇼 Botswana Setswana / Englisch
75%
🇱🇾 Libyen Arabisch
71%
🇹🇳 Tunesien Arabisch
71%
🇿🇦 Südafrika Afrikaans/ Englisch/ Südafr. Gebärdensprache/Süd-Ndebele/ isiXhosa/ isiZulu/ Nord-Sotho/ Sesotho/ Setswana/ Siswati/ Tshivenda/ Xitsonga
67%
🇦🇪 Vereinigte Arabische Emirate Arabisch
67%
🇩🇿 Algerien Arabisch /Tamazight
67%
🇬🇭 Ghana Englisch
67%
🇱🇷 Liberia Englisch
67%
🇫🇯 Fidschi Fidschi /Fidschi-Hindi/ Englisch
67%
🇰🇮 Kiribati Kiribatisch /Englisch
67%
🇸🇬 Singapur Malaiisch⁠/ Englisch⁠/ Chinesisch /Tamil
67%
🇵🇼 Palau Palauisch/ Englisch /Japanisch/Sonsorolesisch/ Tobianisch
67%
🇷🇸 Serbien Serbisch
67%
Costa Rica Spanisch
67%
🇪🇷 Eritrea Tigrinya /Arabisch/Tigre /Englisch /Afar/ Saho/ Kunama/ Bedscha/Blin /Nara
67%
🇹🇴 Tonga Tongaisch/ Englisch
67%
🇵🇭 Philippinen Filipino/ Englisch
63%
🇦🇩 Andorra Katalanisch
57%
🇲🇷 Mauretanien Arabisch
50%
🇾🇪 Jemen Arabisch
50%
🇲🇴 Macau Chinesisch (Hochchinesisch) /Kantonesisch /Portugiesisch
50%
🇱🇮 Liechtenstein Deutsch
50%
🇧🇹 Bhutan Dzongkha
50%
🇦🇬Antigua & Barbuda Englisch
50%
🇧🇿 Belize Englisch
50%
🇬🇩 Grenada Englisch
50%
🇬🇲 Gambia Englisch
50%
Sierra Leone Englisch
50%
🇱🇨 St. Lucia Englisch
50%
🇨🇲 Kamerun Französisch /Englisch
50%
🇧🇮 Burundi Französisch /Kirundi
50%
🇬🇱 Grönland Grönländisch
50%
🇳🇷 Nauru Nauruisch/ Englisch
50%
Südossetien Ossetisch /Russisch /Georgisch
50%
🇦🇼 Aruba Papiamentu/ Niederländisch
50%
🇼🇸 Samoa Samoanisch/ Englisch
50%
🇸🇴 Somalia Somali/ Arabisch
50%
Somaliland Somali/ Arabisch/ Englisch
50%
🇬🇹 Guatemala Spanisch
50%
🇵🇦 Panama Spanisch
50%
🇹🇯 Tadschikistan Tadschikisch /Persisch /Russisch
50%
🇺🇿 Usbekistan Usbekisch/ Karakalpakisch
50%
🇿🇲 Sambia Englisch
40%
Sri Lanka Sinhala/ Tamil
38%
🇱🇧 Libanon Arabisch
33%
Kaschmir Hindi/ Panjabi/ Dogri/ Kashmiri /Tibetisch/ Balti
33%
🇳🇿 Neuseeland Māori/ Englisch /neuseelä. Gebärdensprache
33%
🇲🇪 Montenegro Montenegrinisch
33%
🇨🇼 Curaçao Papiamentu/ Niederländisch/ Englisch
33%
🇮🇷 Iran Persisch
33%
🇱🇸 Lesotho Sesotho /Englisch
33%
🇧🇴 Bolivien Spanisch /Quechua / Aymara / Guaraní
33%
🇿🇼 Simbabwe Chewa/ Chibarwe/ Englisch/ Kalanga/ Khoisan/ Nambya/ Ndau/ Nord-Ndebele/ Shangani/ Shona/ Gebärdensprache/ Sotho/ Tonga/ Tswana/ Venda/ Xhosa
25%
🇬🇦 Gabun Französisch
25%
🇵🇰 Pakistan Urdu /Englisch
25%
🇳🇵 Nepal Nepali
20%
🇪🇹 Äthiopien Amharisch
0%
🇶🇦 Katar Arabisch
0%
Palästina Arabisch
0%
🇸🇩 Sudan Arabisch/ Englisch
0%
🇧🇩 Bangladesch Bengalisch
0%
🇲🇲 Myanmar Birmanisch
0%
🇲🇻 Malediven Dhivehi
0%
🇧🇸 Bahamas Englisch
0%
🇸🇸 Südsudan Englisch
0%
🇫🇴 Färöer Färöisch /Dänisch
0%
🇫🇮 Finnland Finnisch /Schwedisch
0%
🇧🇫 Burkina Faso Französisch
0%
🇧🇯 Benin Französisch
0%
🇩🇯 Dschibuti Französisch /Arabisch /Somali
0%
🇬🇪 Georgien Georgische /Abchasisch
0%
🇮🇱 Israel Hebräisch /Arabisch
0%
🇵🇬 Papua-Neuguinea Hiri Motu/ Tok Pisin/ Englisch
0%
🇮🇸 Island Isländisch
0%
🇰🇭 Kambodscha Khmer
0%
🇷🇼 Ruanda Kinyarwanda/ Suaheli /Französisch/ Englisch
0%
🇮🇶 Irak Kurdisch /Arabisch
0%
🇱🇹 Litauen Litauisch
0%
🇲🇬 Madagaskar Malagasy /Französisch
0%
🇧🇳 Brunei Malaiisch
0%
Transnistrien Moldauisch/ Russisch /Ukrainisch
0%
🇸🇷 Suriname Niederländisch
0%
🇳🇺 Niue Niueanisch/ Englisch
0%
🇦🇫 Afghanistan Paschto (Paschtunisch) /Dari /Persisch
0%
🇬🇼 Guinea-Bissau Portugiesisch
0%
🇲🇿 Mosambik Portugiesisch
0%
🇦🇴 Angola Portugiesisch /Umbundu /Kimbundu / Kikongo /TuChokwe / Ngangela/ Oshivambo
0%
🇲🇩 Moldawien Rumänisch/ Gagausisch/ Russisch /Ukrainisch
0%
🇩🇴 Dominikanische Republik Spanisch
0%
🇬🇶Äquatorialguinea Spanisch /Französisch /Portugiesisch
0%
🇹🇱 Osttimor Tetum/ Portugiesisch
0%
🇹🇻 Tuvalu Tuvaluisch/ Englisch
0%
Keine übereinstimmenden Quizze gefunden
Verteilung der Resultate
Anzahl Personen mit jedem Resultat
Perzentil nach korrekt beantworteten Fragen
Ihre Resultats-Entwicklung
Sie haben dieses Quiz noch nicht gespielt